Personality Development And Psychology/ (Record no. 211125)

MARC details
000 -LEADER
fixed length control field 00591nam a22001817a 4500
005 - DATE AND TIME OF LATEST TRANSACTION
control field 20250425151522.0
010 ## - LCCN (DPL NO)
LC control number ENG-144776
020 ## - INTERNATIONAL STANDARD BOOK NUMBER
International Standard Book Number 9788181523273
Terms of availability 995.00
035 ## - SYSTEM CONTROL NUMBER
System control number EN-128308
037 ## - SOURCE OF ACQUISITION
Source of stock number/acquisition DBAD/PUB
082 ## - DEWEY DECIMAL CLASSIFICATION NUMBER
Classification number 158.2
100 ## - MAIN ENTRY--PERSONAL NAME
Personal name Dhaka,Suresh
245 ## - TITLE STATEMENT
Title Personality Development And Psychology/
Statement of responsibility, etc Suresh Dhaka
260 ## - PUBLICATION, DISTRIBUTION, ETC. (IMPRINT)
Place of publication, distribution, etc Jaipur
Name of publisher, distributor, etc Book Enclave
Date of publication, distribution, etc 2013
270 ## - ADDRESS
Address F-11, S.S. Tower,Dhamani Street,Chaura Rasta,
City Jaipur
Telephone number 1412311900,9414443132
Postal code 302003
Electronic mail address bookenclave@yahoo.com
300 ## - PHYSICAL DESCRIPTION
Extent v, 280p.
Dimensions 22 cm(hbk)
942 ## - ADDED ENTRY ELEMENTS (KOHA)
Source of classification or shelving scheme Dewey Decimal Classification
Item type English Books
Classification part 158.2
Call number suffix DHA
Holdings
Withdrawn status Lost status Not for loan Collection code Home library Current library Date acquired Source of acquisition Cost, normal purchase price Full call number Barcode Copy number Cost, replacement price Koha item type
      Non-fiction Patel Nagar Patel Nagar 25/04/2025 DBAD 995.00 158.2 DHA EN-128308 1 995.00 English Books

© Delhi Public Library
Hit Counter
free hit counter